01202cam a2200313 a 45000010008000000030004000080050017000120080041000290100017000700200040000870200018001270350021001450400018001660500020001840820018002041000047002222450054002692500012003232600034003353000033003695040064004026500020004668560088004868560074005749060045006489420042006939520136007359990017008711672776OSt20231122112001.0981001s1999 nyua b 001 0 eng  a 98047144  a0471023094 (cloth : acidfree paper) a9789354643576 a(DLC) 98047144 aDLCcDLCdDLC00aSB123b.A5 199900a631.52bALL/P1 aAllard, R. W.q(Robert Wayne),d1919-2003.10aPrinciples of plant breeding /cRobert W. Allard. a2nd ed. aNew York :bJ. Wiley,cc1999. aix, 254 p. :bill. ;c25 cm. aIncludes bibliographical references (p. 241-246) and index. 0aPlant breeding.423Publisher descriptionuhttp://www.loc.gov/catdir/description/wiley035/98047144.html4 3Table of Contentsuhttp://www.loc.gov/catdir/toc/onix06/98047144.html a7bcbccorignewd1eocipf19gy-gencatlg 2ddccBKh631.52iALL/Pk631.52mALL/P 00102ddc40708BOTANYaMESbMEScBOTANYd2023-11-22l0o631.52 ALL/Pp43548r2023-11-22 11:21:17v2995.00w2023-11-22yBKzGL19R5 c43651d43651